Conservation versus development (Record no. 381001)

000 -LEADER
fixed length control field 00393cam a22001337a 4500
008 - FIXED-LENGTH DATA ELEMENTS--GENERAL INFORMATION
fixed length control field 180718b1994 xxu||||| |||| 00| 0 eng d
082 ## - DEWEY DECIMAL CLASSIFICATION NUMBER
Classification number Y4x54 C349
100 ## - MAIN ENTRY--PERSONAL NAME
Personal name Chakrabarti, Kalyan
245 ## - TITLE STATEMENT
Title Conservation versus development
Statement of responsibility, etc. by Kalyan Chakrabarti
260 ## - PUBLICATION, DISTRIBUTION, ETC.
Place of publication, distribution, etc. Calcutta
Name of publisher, distributor, etc. Darbari
Date of publication, distribution, etc. 1994
300 ## - PHYSICAL DESCRIPTION
Extent 184p.
650 ## - SUBJECT ADDED ENTRY--TOPICAL TERM
Topical term or geographic name entry element Forest coservation - India
650 ## - SUBJECT ADDED ENTRY--TOPICAL TERM
Topical term or geographic name entry element Biological diversity - India
Holdings
Withdrawn status Lost status Damaged status Not for loan Permanent Location Current Location Date acquired Full call number Barcode Date last seen Price effective from Koha item type
        Indian Institute of Public Administration Indian Institute of Public Administration 1997-02-01 Y4x54 C349 71790 2018-07-21 2018-07-21 Book

Powered by Koha